Design of concrete structures (Record no. 3622)

000 -LEADER
fixed length control field 00547nam a22002057a 4500
001 - CONTROL NUMBER
control field 3622
003 - CONTROL NUMBER IDENTIFIER
control field BD-DhUET
008 - FIXED-LENGTH DATA ELEMENTS--GENERAL INFORMATION
fixed length control field 141102b xxu||||| |||| 00| 0 eng d
040 ## - CATALOGING SOURCE
Transcribing agency 0
Modifying agency BD-DhUET
082 ## - DEWEY DECIMAL CLASSIFICATION NUMBER
Classification number 624.183
Item number WIN/1972
100 ## - MAIN ENTRY--PERSONAL NAME
Personal name Winter, George
245 ## - TITLE STATEMENT
Title Design of concrete structures
Statement of responsibility, etc. by George Winter and Arthur H. Nilson
250 ## - EDITION STATEMENT
Edition statement 8th ed.
260 ## - PUBLICATION, DISTRIBUTION, ETC. (IMPRINT)
Place of publication, distribution, etc. New York
Name of publisher, distributor, etc. McGraw-Hill
Date of publication, distribution, etc. 1972
300 ## - PHYSICAL DESCRIPTION
Extent xii,615p.
504 ## - BIBLIOGRAPHY, ETC. NOTE
Bibliography, etc Includes bibliographies
650 #0 - SUBJECT ADDED ENTRY--TOPICAL TERM
Topical term or geographic name as entry element Reinforced concrete
700 ## - ADDED ENTRY--PERSONAL NAME
Personal name Nilson, Arthur H.
942 ## - ADDED ENTRY ELEMENTS (KOHA)
Koha item type General Book
Holdings
Shelving location Withdrawn status Copy number Piece designation (barcode) Damaged status Koha date last borrowed Koha date last seen Source of classification or shelving scheme Date acquired Not for loan Koha full call number Lost status Price effective from Koha normalized classification for sorting Location (home branch) Koha item type Koha issues (times borrowed) Sublocation or collection (holding branch)
Circulation section 139870 2025-05-262025-06-18 2014-11-02 624.183/WIN/1972 2014-11-02624_183000000000000_WIN_1972Central Library, BUETGeneral Book2Central Library, BUET
Circulation section 244253 2025-05-262025-05-28 2014-11-02 624.183/WIN/1972 2014-11-02624_000000000000000_183WIN1972Central Library, BUETGeneral Book1Central Library, BUET
Circulation section 339869  2014-11-18 2014-11-18 624.183/WIN/1972 2014-11-18624_000000000000000_183WIN1972Central Library, BUETGeneral Book Central Library, BUET
Circulation section 439871  2014-11-18 2014-11-18 624.183/WIN/1972 2014-11-18624_000000000000000_183WIN1972Central Library, BUETGeneral Book Central Library, BUET
Circulation section 542844 2025-05-272025-06-28 2015-02-22 624.183/WIN/1972 2015-02-22624_183000000000000_WIN_1972Central Library, BUETGeneral Book2Central Library, BUET
Circulation section 654930  2015-02-22 2015-02-22 624.183/WIN/1972 2015-02-22624_183000000000000_WIN_1972Central Library, BUETGeneral Book Central Library, BUET
Circulation section 745112 2025-05-262025-05-27 2015-05-07 624.183/WIN/1972 2015-05-07624_183000000000000_WIN_1972Central Library, BUETGeneral Book1Central Library, BUET